000 00280nam a22001337a 4500
008 170731b xxu||||| |||| 00| 0 eng d
020 _a9780132545181
041 _aeng
080 _a004
100 _a32
101 _aSHKI
245 _aCOMPUTERS
_cLABERTA, C
942 _2udc
_cBK
999 _c22270
_d22270